El último mohicano

Zapisane w:
Opis bibliograficzny
1. autor: Cooper, James Fenimore (Autor)
Format: Książka
Język:hiszpański
Wydane: Santiago Andrés Bello 1993
Wydanie:2a. ed
Hasła przedmiotowe:
Etykiety: Dodaj etykietę
Nie ma etykietki, Dołącz pierwszą etykiete!

MARC

LEADER 00000nam a2200000 a 4500
001 UCH6732
003 CL-VaPUC
008 091109e19930000CL |||||||||||||||||spa|d
020 |a 9561306998 
082 0 4 |a 810  |b COO  |2 21 
100 0 |a Cooper, James Fenimore  |e author  |9 319559 
245 1 3 |a El último mohicano 
250 |a 2a. ed 
300 |a 139 p 
942 |c BK 
945 |d 20091109 00:00:00  |a lazolas 
260 |a Santiago  |b Andrés Bello  |c 1993 
650 7 |a LITERATURA NORTEAMERICANA  |2 CL-VaPUC  |9 543342 
650 0 |a Lectura  |9 307634 
650 0 |a Educación  |9 258661 
650 0 |a Literatura contemporánea   |9 321959 
583 |a last modification  |c 20091109 00:00:00  |k Rodrigo Vera 
999 |c 337564  |d 337562